Fundamentals in nuclear physics : from nuclear structure to cosmology / (Record no. 64653)

000 -LEADER
fixed length control field 01225cam a22002894a 4500
001 - CONTROL NUMBER
control field 13673993
003 - CONTROL NUMBER IDENTIFIER
control field NUST - PNEC
005 - DATE AND TIME OF LATEST TRANSACTION
control field 20170116180852.0
008 - FIXED-LENGTH DATA ELEMENTS--GENERAL INFORMATION
fixed length control field 040803s2005 nyua b 001 0 eng
010 ## - LIBRARY OF CONGRESS CONTROL NUMBER
LC control number 2004056544
020 ## - INTERNATIONAL STANDARD BOOK NUMBER
International Standard Book Number 0387016724 (acidfree paper)
040 ## - CATALOGING SOURCE
Transcribing agency LIBRARY
042 ## - AUTHENTICATION CODE
Authentication code pcc
050 00 - LIBRARY OF CONGRESS CALL NUMBER
Classification number QC173
Item number .B277 2005
082 00 - DEWEY DECIMAL CLASSIFICATION NUMBER
Classification number 539.7 BAS
Edition number 22
100 1# - MAIN ENTRY--PERSONAL NAME
Personal name Basdevant, J. L.
Fuller form of name (Jean-Louis)
245 10 - TITLE STATEMENT
Title Fundamentals in nuclear physics : from nuclear structure to cosmology /
Statement of responsibility, etc. Jean-Louis Basdevant, James Rich, Michel Spiro.
260 ## - PUBLICATION, DISTRIBUTION, ETC.
Place of publication, distribution, etc. New York :
Name of publisher, distributor, etc. Springer,
Date of publication, distribution, etc. c2005.
300 ## - PHYSICAL DESCRIPTION
Extent xiii, 515 p. :
Other physical details ill. ;
Dimensions 25 cm.
504 ## - BIBLIOGRAPHY, ETC. NOTE
Bibliography, etc. note Includes bibliographical references (p. [507]-509) and index.
650 #0 - SUBJECT ADDED ENTRY--TOPICAL TERM
Topical term or geographic name entry element Nuclear physics.
General subdivision ME, General
856 42 - ELECTRONIC LOCATION AND ACCESS
Materials specified Publisher description
Uniform Resource Identifier <a href="http://www.loc.gov/catdir/enhancements/fy0662/2004056544-d.html">http://www.loc.gov/catdir/enhancements/fy0662/2004056544-d.html</a>
856 41 - ELECTRONIC LOCATION AND ACCESS
Materials specified Table of contents only
Uniform Resource Identifier <a href="http://www.loc.gov/catdir/enhancements/fy0817/2004056544-t.html">http://www.loc.gov/catdir/enhancements/fy0817/2004056544-t.html</a>
906 ## - LOCAL DATA ELEMENT F, LDF (RLIN)
a 7
b cbc
c orignew
d 1
e ocip
f 20
g y-gencatlg
942 ## - ADDED ENTRY ELEMENTS (KOHA)
Source of classification or shelving scheme
Koha item type Book
Holdings
Withdrawn status Lost status Source of classification or shelving scheme Damaged status Not for loan Permanent Location Current Location Shelving location Date acquired Total Checkouts Full call number Barcode Date last seen Price effective from Koha item type
          Pakistan Navy Engineering College (PNEC) Pakistan Navy Engineering College (PNEC)       539.7 BAS PNECLIB-028444 08/26/2015   Book
© 2023 Central Library, National University of Sciences and Technology. All Rights Reserved.